000 00882nam a22002651u 4500
001 07330
003 HDC
007 cr bn ---aaaaa
008 210127p9999 o d 00 engg
040 _aHDC
100 _aIdamazura Idris @ Harun
_97852
245 0 _aMedical Device Classification / by
_cIdamazura Idris @ Harun
260 _aPutrajaya :
_bMinistry of Health,
_c[no year]
300 _a32 pages :
_billustrations
336 _atext
_2rdacontent
337 _acomputer
_2rdamedia
338 _aonline resource
_2rdacarrier
650 _aclassification
_97854
650 _amedical device
_94232
710 _aMinistry of Health
856 _zRequest full-text at [email protected]
942 _2lcc
942 _cSLIDE
942 _kSLID 000755
999 _c4654
_d4654